• 首页
  • 本馆介绍
  • 公告通知
  • 最新文献
  • 馆藏检索
  • 电子资源
  • 读者导购
  • 参考咨询
  • 我的图书馆
  • 登录
  • 详细信息显示
  • 放入我的书架
  • 预约/预借图书
  • 作者相关作品
  • 分类相关作品
  • 丛书相关作品
  • 出版社相关作品

书目信息

  • 表格格式
  • 工作单格式
  • 卡片格式
书名: Wider than the sky
作者: Gerald M. Edelman
分册号:
分册名:
出版地: New Haven :
 
出版社: Yale University Press
出版时间: c2004.
页数: xiii, 201 p. :
开本: 22 cm.
丛书名:
中图分类号:
科图分类号:
其他分类号: B842
主题词:
电子资源: http://www.loc.gov/catdir/toc/ecip049/2003021089.html     
000 01277nam 2200325 a 4500
001 E0757890153
004 001068115
005 20070519160459.12
008 4001uueng0000000
008 001 0 eng
010    @a2003021089
020    @a0300102291 (alk. paper).
040    @aDLC @cDLC @dDLC @dCcBjTSG
042    @apcc
050 00 @aQP411 @b.E346 2004
082 00 @a153 @222
090    @aB842 @bE21
090    @aB842
096    @aB842
099    @dB842@ex212
100 1  @aEdelman, Gerald M.
245 10 @aWider than the sky :@bthe phenomenal gift of consciousness / @cGerald M. Edelman
260    @aNew Haven :@bYale University Press,@cc2004.
300    @axiii, 201 p. :@bill. ;@c22 cm.
504    @aIncludes bibliographical references (p. 181-185) and index.
505 0  @aThe mind of man: completing Darwin's program -- Consciousness: the remembered present -- Elements of the brain -- Neural Darwinism:
650  0 @aBrain @xPhysiology.
650  0 @aConsciousness @xPhysiological aspects.
852 0  @bWWDY @k2-2005 @hB842 @iE21
856 41 @3Table of contents @uhttp://www.loc.gov/catdir/toc/ecip049/2003021089.html @b01 @c20040727 @lNLC09 @h1424 @b40 @c20050304 @lNLC09 @h1449 @b40 @c20050304 @lNLC09 @h1456 @b40 @c20050316 @lNLC09 @h0910
    
    Wider than the sky : : the phenomenal gift of consciousness / / Gerald M. Edelman.-New Haven : : Yale University Press, , c2004.
    xiii, 201 p. : : ill. ; ; 22 cm.
    Includes bibliographical references (p. 181-185) and index.-The mind of man: completing Darwin's program -- Consciousness: the remembered present -- Elements of the brain -- Neural Darwinism:
    
    ISBN 0300102291 (alk. paper).
    
●
相关链接 在E读中查询图书 在五车中查询图书 在当当中查询图书 在豆瓣中查询图书


正题名:Wider than the sky     索取号:B842/x212         预约/预借

序号 登录号 条形码 馆藏地/架位号 状态 备注
1 0010702   300107024   第二样本阅览室/ [索取号:B842/x212] 在馆    
唐山师范学院图书馆 欢迎您!
大连网信软件有限公司© 版权所有